Η ιστορία της Χριστιανικής Αρχαιολογικής Εταιρείας

Αποθηκεύτηκε σε:
Λεπτομέρειες βιβλιογραφικής εγγραφής
Κύριος συγγραφέας: Κωνστάντιος, Δημήτρης Ν., 1959-2010
Μορφή: Βιβλίο
Γλώσσα:Greek
Δημοσίευση: Αθήνα : [Υπουργείο Πολιτισμού, Βυζαντινό & Χριστιανικό Μουσείο], 2009
Θέματα:
Ετικέτες: Προσθήκη ετικέτας
Δεν υπάρχουν, Καταχωρήστε ετικέτα πρώτοι!

MARC

LEADER 00000cam a2200000 i 4500
001 1/6058
008 100323s2009 gr | ||| |||| ||gre||
020 |a 9789602148174 
035 |l 10107380 
040 |a GR-MY-UA  |b gre  |e aacr 
041 0 |a gre 
082 0 |a 708.495  |2 (22) 
100 1 |a Κωνστάντιος, Δημήτρης Ν.,   |d 1959-2010. 
245 1 2 |a Η ιστορία της Χριστιανικής Αρχαιολογικής Εταιρείας /  |c Δημήτριος Κωνστάντιος 
260 |a Αθήνα :   |b [Υπουργείο Πολιτισμού, Βυζαντινό & Χριστιανικό Μουσείο],   |c 2009 
300 |a 55 σ.;  |b έγχρ. εικ.;  |c 29 εκ. 
504 |a Βιβλιογραφία: σ. 206 
610 2 0 |a Χριστιανική Αρχαιολογική Εταιρεία. 
650 0 0 |a Historical museums  |z Greece. 
651 0 |a Greece  |x Antiquities. 
852 |a INST  |b RHODES  |e 20100324  |h 708.495 ΚΩΝ  |p 005400032574  |q 005400032574  |t BK  |y 0 
901 |a BIBL4-2010-1 
909 |a Ρ  |b 159799 
970 |a ΚΟΖΑ  |b ΜΑΡΙΑ  |z 2010/03/23